[Event "Santo Domingo op 08"]
[Site "Santo Domingo"]
[Date "2019.08.20"]
[Round "7"]
[White "Hernandez Lora, Angel Miguel"]
[Black "Felipe Tapia, Jolbert Saul"]
[Result "0-1"]
[WhiteElo "1212"]
[BlackElo "1593"]
[PlyCount "28"]
[EventDate "2019.08.12"]
[EventType "swiss"]
[EventRounds "8"]
[EventCountry "DOM"]
[SourceTitle "EXT 2020"]
[Source "ChessBase"]
[SourceDate "2019.10.17"]
[SourceVersion "1"]
[SourceVersionDate "2019.10.17"]
[SourceQuality "1"]

1. e4 c5 2. Nf3 d6 3. Nc3 Nf6 4. Bb5+ Nc6 5. 0-0 Bd7 6. d4 cxd4 7. Nxd4 e6 8. Bg5 Be7 9. Re1 Nxe4 10. Nxe4 Bxg5 11. Nxg5 Qxg5 12. Nf5 Qxf5 13. Qxd6 Qxb5 14. Rad1 0-0-0 0-1

[Event "Santo Domingo op 08"]
[Site "Santo Domingo"]
[Date "2019.08.19"]
[Round "5"]
[White "Steel Stephen, Daniel Alberto"]
[Black "Felipe Tapia, Jolbert Saul"]
[Result "1-0"]
[WhiteElo "1867"]
[BlackElo "1593"]
[PlyCount "43"]
[EventDate "2019.08.12"]
[EventType "swiss"]
[EventRounds "8"]
[EventCountry "DOM"]
[SourceTitle "EXT 2020"]
[Source "ChessBase"]
[SourceDate "2019.10.17"]
[SourceVersion "1"]
[SourceVersionDate "2019.10.17"]
[SourceQuality "1"]

1. d4 Nf6 2. Nf3 g6 3. c4 Bg7 4. Nc3 0-0 5. e4 d6 6. Be2 e5 7. d5 a5 8. h3 Na6 9. 0-0 Bd7 10. Bg5 Nc5 11. Qc2 h6 12. Bd2 Nh5 13. Be3 b6 14. Qd2 Nf4 15. Bxf4 exf4 16. Qxf4 f5 17. exf5 Bxf5 18. Qd2 Qd7 19. Nd4 Bxh3 20. gxh3 Qxh3 21. Qe3 Qh4 22. Ne6 1-0

[Event "Santo Domingo Provincial-ch"]
[Site "Santo Domingo"]
[Date "2018.11.24"]
[Round "3"]
[White "Felipe Tapia, Jolbert Saul"]
[Black "Ortiz, Junior Renato"]
[Result "0-1"]
[WhiteElo "1499"]
[BlackElo "1783"]
[PlyCount "90"]
[EventDate "2018.11.23"]
[EventType "swiss"]
[EventRounds "7"]
[EventCountry "DOM"]
[SourceTitle "CBM 187 Extra"]
[Source "ChessBase"]
[SourceDate "2018.11.04"]
[SourceVersion "1"]
[SourceVersionDate "2018.11.04"]
[SourceQuality "1"]

1. e4 c5 2. Nf3 a6 3. d3 d5 4. Nbd2 dxe4 5. dxe4 Nc6 6. g3 Bg4 7. Bg2 Nd4 8. 0-0 Nxf3+ 9. Nxf3 Qxd1 10. Rxd1 e5 11. h3 Bxf3 12. Bxf3 Nf6 13. Be3 Be7 14. Rd2 Rd8 15. Rxd8+ Kxd8 16. Rd1+ Kc7 17. Kf1 Kc6 18. Ke2 c4 19. b3 Rd8 20. Rxd8 Bxd8 21. bxc4 Bb6 22. Bxb6 Kxb6 23. c3 Ka5 24. Kd2 Ka4 25. Kc2 Ka3 26. Kb1 Nd7 27. Be2 Nc5 28. f3 Na4 29. Kc2 Kxa2 30. f4 f6 31. fxe5 fxe5 32. Bg4 Nc5 33. Bc8 g6 34. g4 h6 35. h4 a5 36. h5 g5 37. Bf5 b6 38. Bg6 Ne6 39. Be8 Nf4 40. Bb5 Nh3 41. Bd7 Nf2 42. Bf5 Ka3 43. Bc8 Nxe4 44. Bb7 Nf2 45. Bf3 a4 0-1

[Event "DOM-ch U20"]
[Site "Santo Domingo"]
[Date "2018.11.03"]
[Round "4"]
[White "Felipe Tapia, Jolbert Saul"]
[Black "Colon Campusano, Franklin Jr"]
[Result "1-0"]
[WhiteElo "1499"]
[BlackElo "1457"]
[PlyCount "33"]
[EventDate "2018.11.02"]
[EventType "swiss"]
[EventRounds "8"]
[EventCountry "DOM"]
[SourceTitle "EXT 2021"]
[Source "ChessBase"]
[SourceDate "2020.10.23"]
[SourceVersion "1"]
[SourceVersionDate "2020.10.23"]
[SourceQuality "1"]

1. e4 c6 2. d3 d5 3. Nd2 dxe4 4. dxe4 e5 5. Ngf3 Nd7 6. Nc4 Qc7 7. Bg5 Be7 8. Bd3 b5 9. Ne3 Nc5 10. 0-0 Bg4 11. Nxg4 Nxd3 12. Qxd3 Bxg5 13. Nxg5 Ne7 14. Qf3 0-0 15. Qh3 h6 16. Nxh6+ gxh6 17. Qxh6 1-0